000 00372nam a2200145Ia 4500
008 210210b1990 xxu||||| |||| 00| 0 eng d
082 _a811.52 TRIR
100 _aOLIVER (Paul).
245 _aMeanings of the blues.
260 _aN D
_bAce Publications
_c1990
300 _avi,209
650 _aRobert Frost Criticism
690 _aAmerican Literature
906 _a053849
999 _c101808
_d101808